Let's Get Result, Not Excuses! (Record no. 93753)

MARC details
000 -LEADER
fixed length control field 00582nam a2200193Ia 4500
005 - DATE AND TIME OF LATEST TRANSACTION
control field 20230228114739.0
008 - FIXED-LENGTH DATA ELEMENTS--GENERAL INFORMATION
fixed length control field 230125s9999 xx 000 0 und d
041 ## - LANGUAGE CODE
Language code of text/sound track or separate title eng
082 ## - DEWEY DECIMAL CLASSIFICATION NUMBER
Classification number 658.3125
Item number BLE
100 ## - MAIN ENTRY--PERSONAL NAME
Author Bleech J M
245 ## - TITLE STATEMENT
Title Let's Get Result, Not Excuses!
Remainder of title A No-Nonsense Approach to Increasing Productivity, Performance and Profit
260 ## - PUBLICATION, DISTRIBUTION, ETC.
Date of publication, distribution, etc. 1997
Name of publisher, distributor, etc. Pustak mahal
Place of publication, distribution, etc. Delhi
300 ## - PHYSICAL DESCRIPTION
Extent 238p
500 ## - GENERAL NOTE
Keywords Performance
650 ## - SUBJECT ADDED ENTRY--TOPICAL TERM
Topical term or geographic name entry element Performance
700 ## - ADDED ENTRY--PERSONAL NAME
Personal name Bleech J M; Anand Asodekar, Donor & Mutchler D G
942 ## - ADDED ENTRY ELEMENTS (KOHA)
Koha item type Donated Book
906 ## - LOCAL DATA ELEMENT F, LDF (RLIN)
b 40
Holdings
Withdrawn status Lost status Damaged status Not for loan Home library Current library Date acquired Vendor Net Price Full call number Barcode Date last seen Actual Price Bill Date Koha item type Original Barcode
        Smt. Hiraben Nanavati Institute of Management & Research for Women Smt. Hiraben Nanavati Institute of Management & Research for Women 25/06/2015 Donated Book- Outside Donar 80.00 658.3125 BLE DB2189 HIMR-DB-2189 25/01/2023 40.00 25/01/2023 Donated Book DB2189